Datum a čas kvízu
23
Celkem bodů
Celkový počet nahraných bodů na tomto kvízu bez doplňovacích otázek.
3.
Pořadí na kvízu
Konečné umístění týmu na tomto kvízu.
Zaznamenané odpovědi
| # | Otázka | Odpověď | Body | Výsledky |
|---|---|---|---|---|
| 1. | Minulou neděli dopoledne dosed... | 1 | ||
| 2. | Nejmodernější typ policejního... | 0 | ||
| 3. | Ve zlínském obchodním a zábavn... | 0 | ||
| 4. | Po deseti letech končí udílení... | 0 | ||
| 5. | Velká fotbalová legenda se sta... | 1 | ||
| 6. | Dědictví aneb Kurvahošigutntag... | 1 | ||
| 7. | Bohuš: "Není to ___, ten Kája?... | 0 | ||
| 8. | Kterou značku cigaret má Bohuš... | 0 | ||
| 9. | Kterou polévku si objednal prá... | 0 | ||
| 10. | Pták, kterého Bohuš koupil Ire... | 1 |